000 00673nam a2200289Ia 4500
005 20260324112635.0
008 008 260324s9999 xx 000 0 eng d
020 _a9781003501589
037 _aEBOOK
040 _aCRL
040 _beng
040 _cCRL
041 _2eng
041 _aeng
084 _qCRL
100 _aFelix Kyei Asare
_91143538
245 0 _aZero to Hero
245 0 _bYour Guide to a Career in Cybersecurity
260 _bTaylor and Francis
260 _c2024
365 _a
365 _b225
856 _uhttp://www.taylorfrancis.com/books/9781003501589
942 _cEBOOK
999 _c1732822
_d1732822